শিরাজী - রচনাবলী / (Record no. 39840)
[ view plain ]
| 000 -LEADER | |
|---|---|
| fixed length control field | 01192nam a22002657a 4500 |
| 001 - CONTROL NUMBER | |
| control field | 39840 |
| 003 - CONTROL NUMBER IDENTIFIER | |
| rucl marc code | BD-RjUL |
| 005 - DATE AND TIME OF LATEST TRANSACTION | |
| control field | 20220310144634.0 |
| 008 - FIXED-LENGTH DATA ELEMENTS--GENERAL INFORMATION | |
| fixed length control field | 160419r20031967bg a|||| |||| 00| 1 ben d |
| 020 ## - INTERNATIONAL STANDARD BOOK NUMBER | |
| International Standard Book Number | 9840743864 |
| Terms of availability | : Tk. 270.00 |
| 035 ## - SYSTEM CONTROL NUMBER | |
| System control number | (BD-RjUL)39954 |
| 040 ## - CATALOGING SOURCE | |
| Original cataloging agency | BD-RjUL |
| Language of cataloging | ben |
| Transcribing agency | BD-RjUL |
| 041 ## - LANGUAGE CODE | |
| Language code of text/sound track or separate title | ben |
| 082 ## - DEWEY DECIMAL CLASSIFICATION NUMBER | |
| Edition number | 23 |
| Classification number | 891.4408 |
| Author mark and year | SHS 2003 |
| 100 ## - MAIN ENTRY--PERSONAL NAME | |
| Personal name | শিরাজী, সৈয়দ ইসমাইল হোসেন |
| 9 (RLIN) | 122733 |
| 245 10 - TITLE STATEMENT | |
| Title | শিরাজী - রচনাবলী / |
| Statement of responsibility, etc. | সৈয়দ ইসমাইল হোসেন শিরাজী ; আবদুল কাদির সম্পাদিত, |
| 260 ## - PUBLICATION, DISTRIBUTION, ETC. (IMPRINT) | |
| Place of publication, distribution, etc. | ঢাকা : |
| Name of publisher, distributor, etc. | বাংলা একাডেমী, |
| Date of publication, distribution, etc. | ১৯৬৭. |
| -- | [পুনমুর্দ্রণ ২০০৩] |
| 300 ## - PHYSICAL DESCRIPTION | |
| Pagination | [১২], ৫৩৬ পৃ. : |
| Illustrations | চিত্র ; |
| Size | ২২ সেমি. |
| 490 ## - SERIES STATEMENT | |
| Series statement | বাএ ; |
| Volume/sequential designation | ৪৩৭৭ |
| 650 ## - SUBJECT ADDED ENTRY--TOPICAL TERM | |
| Topical term or geographic name as entry element | বাংলা সাহিত্য |
| 9 (RLIN) | 122734 |
| Form subdivision | রচনাবলী |
| Topical term or geographic name as entry element | Bengali Literature, |
| 9 (RLIN) | 122735 |
| Form subdivision | Collected Works |
| 700 ## - ADDED ENTRY--PERSONAL NAME | |
| Personal name | কাদির, আবদুল, সম্পাদক |
| 830 ## - SERIES ADDED ENTRY--UNIFORM TITLE | |
| Uniform title | বাএ ; |
| Volume number/sequential designation | ৪৩৭৭ |
| 942 ## - ADDED ENTRY ELEMENTS (KOHA) | |
| Source of classification or shelving scheme | Dewey Decimal Classification |
| Koha item type | Books |
| Lost status | Source of classification or shelving scheme | Damaged status | Not for loan | Collection code | Permanent Location | Current Location | Shelving location | Date acquired | Source of acquisition | Cost, normal purchase price | Total Checkouts | Full call number | Date last seen | Copy number | Koha item type | Date checked out |
|---|---|---|---|---|---|---|---|---|---|---|---|---|---|---|---|---|
| Dewey Decimal Classification | Not For Loan | Fiction | Central Library, University of Rajshahi | Central Library, University of Rajshahi | Reading Room | 16/04/2016 | Biddasagor, Rajshahi | 270.00 | B 891.4408 SHS 2003 | 19/04/2016 | C-1 | Books | ||||
| Dewey Decimal Classification | Fiction | Central Library, University of Rajshahi | Central Library, University of Rajshahi | 16/04/2016 | Biddasagor, Rajshahi | 270.00 | 6 | B 891.4408 SHS 2003 | 25/07/2017 | C-2 | Books | 08/07/2017 | ||||
| Dewey Decimal Classification | Fiction | Central Library, University of Rajshahi | Central Library, University of Rajshahi | 16/04/2016 | Biddasagor, Rajshahi | 270.00 | 7 | B 891.4408 SHS 2003 | 12/12/2019 | C-3 | Books | 25/11/2019 | ||||
| Dewey Decimal Classification | Fiction | Central Library, University of Rajshahi | Central Library, University of Rajshahi | 11/08/1968 | Nawroge | 7.00 | 1 | B 891.4408 SHS 2003 | 19/12/2017 | C-4 | Books | 03/12/2017 | ||||
| Dewey Decimal Classification | Fiction | Central Library, University of Rajshahi | Central Library, University of Rajshahi | General Stacks | 14/06/2022 | Author | 270.00 | B 891.4408 SHS 2003 | 22/08/2022 | C-5 | Books | |||||
| Dewey Decimal Classification | Fiction | Central Library, University of Rajshahi | Central Library, University of Rajshahi | General Stacks | 14/06/2022 | Author | 270.00 | B 891.4408 SHS 2003 | 22/08/2022 | C-6 | Books | |||||
| Dewey Decimal Classification | Fiction | Central Library, University of Rajshahi | Central Library, University of Rajshahi | General Stacks | 14/06/2022 | Author | 270.00 | B 891.4408 SHS 2003 | 22/08/2022 | C-7 | Books |